000 00273nam a22001217a 4500
008 160521b xxu||||| |||| 00| 0 eng d
020 _a9780030642760
020 _a0030642760
041 _aeng
080 _a579
245 _aModern biology:
_cStudy Guide;
942 _2udc
_cBK
999 _c2347
_d2347